[Event "10th Khazar Cup"]
[Site "Rasht IRI"]
[Date "2012.03.04"]
[Round "7"]
[White "Pantsulaia,L"]
[Black "Alavi,S"]
[Result "1/2-1/2"]
[WhiteElo "2595"]
[BlackElo "2443"]

1.Nf3 d5 2.g3 c6 3.c4 dxc4 4.Bg2 Nf6 5.O-O Nbd7 6.Na3 Nb6 7.Qc2 Qd5 8.b3 cxb3
9.axb3 g6 10.Nc4 Qd8 11.Nfe5 Nbd5 12.d4 Bg7 13.e4 Nc7 14.Bb2 O-O 15.h3 Nb5
16.Rad1 Qc7 17.g4 c5 18.dxc5 Be6 19.Nd3 Rad8 20.Be5 Qc8 21.Qb2 Ne8 22.Bxg7 Nxg7
23.Ne3 h5 24.gxh5 Nxh5 25.Nd5 Rfe8 26.Kh2 Nc7 27.Qe5 Rd7 28.Qg5 Nxd5 29.exd5 Bf5
30.Qe3 Qb8+ 31.f4 Bxd3 32.Rxd3 e5 33.d6 Nxf4 34.Rxf4 exf4 35.Qxf4 Qd8 36.b4 a6
37.Bf3 Kg7 38.Bd1 Qf6 39.Qxf6+ Kxf6 40.Bf3 Kg7 41.Kg3 f5 42.h4 Kf6 43.Rd1 Re3
44.Kf2 Re8 45.Kg3 Re3 46.Kf2 Re8 47.Kg3  1/2-1/2

[Event "TCh-AUT 1st Bundesliga 2012"]
[Site "St. Veit AUT"]
[Date "2012.03.04"]
[Round "7.6"]
[White "Schachinger,M"]
[Black "Exler,V"]
[Result "1/2-1/2"]
[WhiteElo "2391"]
[BlackElo "2123"]

1.Nf3 d5 2.g3 Nf6 3.Bg2 c5 4.O-O Nc6 5.d4 e6 6.c4 dxc4 7.Qa4 Bd7 8.Qxc4 Qb6
9.dxc5 Bxc5 10.Nc3 Qb4 11.Qxb4 Bxb4 12.Bd2 O-O 13.Rfd1 Rfd8 14.Ne1 a6 15.Nd3 Be7
16.Be3 Be8 17.Bb6 Rdc8 18.Rac1 Nd7 19.Na4 Rab8 20.Be3 Nd8 21.Bf4 e5 22.Be3 f6
23.Bh3 Rxc1 24.Rxc1 b5 25.Nac5 Nxc5 26.Nxc5 Bxc5 27.Bxc5 Bf7 28.Ba7 Ra8 29.Bb6 Ne6
30.Rc6 Nd4 31.Bxd4 exd4 32.a3 Bc4 33.Be6+ Bxe6 34.Rxe6 Rc8 35.b4 Rc2 36.Kf1 Rc1+
37.Kg2 Rc2 38.Rxa6 Rxe2 39.Rd6 Rd2 40.Rd5 Rd3 41.Rxb5 Rxa3 42.Rd5 d3 43.Kf3 Rb3
44.b5 Kf7 45.Ke3 Ke6 46.Rc5 Kd6 47.Rc6+ Kd7 48.Ra6 Ke8 49.Ra7 Kf8 50.Rb7 h5
51.b6 Kg8 52.f4 f5 53.Rb8+ Kh7 54.Kd2 g6 55.Rb7+ Kg8 56.Ke3 Kh8 57.Re7 Rxb6
58.Kxd3 Rb2 59.Re2 Rb6 60.Kd4  1/2-1/2

[Event "2nd Ferdynanda Dziedzica Mem"]
[Site "Trzcianka POL"]
[Date "2012.03.04"]
[Round "7"]
[White "Naiditsch,A"]
[Black "Shirov,A"]
[Result "1-0"]
[WhiteElo "2702"]
[BlackElo "2701"]

1.Nf3 d5 2.g3 Bg4 3.Bg2 Nd7 4.O-O e6 5.b3 Ngf6 6.Bb2 Bd6 7.c4 O-O 8.d3 a5
9.a3 a4 10.b4 c5 11.bxc5 Nxc5 12.Nbd2 Rb8 13.cxd5 exd5 14.d4 Nce4 15.Nxe4 dxe4
16.Ne5 Bd7 17.Qb1 Bc6 18.Nxc6 bxc6 19.Qc2 Qe7 20.Bc1 c5 21.Bg5 cxd4 22.Bxf6 gxf6
23.Bxe4 Rfc8 24.Bxh7+ Kg7 25.Qe4 Bxa3 26.Qf3 Rc3 27.Bd3 Qd7 28.Qf4 Rh8 29.Bf5 Qb5
30.Qg4+ Kf8 31.Rfb1 Bb2 32.Bd3 Qb4 33.Rxb2 Qxb2 34.Rxa4 Qb7 35.Be4 Qb3 36.Ra8+ Ke7
37.Rxh8 Qd1+ 38.Kg2 Rc1 39.Kh3 Qf1+ 40.Bg2 Qxf2 41.Qe4+  1-0

[Event "European Ind w 2012"]
[Site "Gaziantep TUR"]
[Date "2012.03.05"]
[Round "4"]
[White "Michna,Mart"]
[Black "Makropoulou,M"]
[Result "1/2-1/2"]
[WhiteElo "2383"]
[BlackElo "2224"]

1.Nf3 d5 2.g3 Nc6 3.d4 Nf6 4.Bg2 Bf5 5.O-O h6 6.c4 e6 7.Ne5 Nxe5 8.dxe5 Ne4
9.f3 Bc5+ 10.e3 Ng5 11.h4 Nh7 12.Qb3 O-O 13.Nc3 Bd3 14.cxd5 Bxf1 15.Bxf1 exd5
16.Nxd5 Re8 17.f4 c6 18.Nc3 Qb6 19.Qxb6 axb6 20.Bc4 Nf8 21.Kf2 Ne6 22.Bd2 b5
23.Bb3 Bb4 24.Bc4 Bc5 25.Bb3 Bb4 26.Ke2 Nc5 27.Bc2 Red8 28.a3 Bxc3 29.Bxc3 Na4
30.Bd4 b4 31.axb4 Nc3+ 32.bxc3 Rxa1 33.e6 fxe6 34.Bb3 Kf7 35.f5 Re8 36.h5 Rh1
37.g4 Rb1 38.Bxe6+ Rxe6 39.fxe6+ Kxe6 40.Bxg7 Rc1 41.Kd3 Rg1 42.Bxh6 Rxg4
43.Bf4 Rh4 44.h6 Kd5 45.c4+ Ke6 46.Ke4 Rh1 47.Kd4 Rh5 48.Ke4 Rh1 49.Kf3 Kf7
50.Ke4  1/2-1/2

[Event "44th Belgrade WGM"]
[Site "Belgrade SRB"]
[Date "2012.03.06"]
[Round "4.5"]
[White "Olarasu,G"]
[Black "Benderac,A"]
[Result "1/2-1/2"]
[WhiteElo "2260"]
[BlackElo "2297"]

1.Nf3 d5 2.g3 g6 3.Bg2 Bg7 4.c4 c6 5.Qc2 Nf6 6.O-O O-O 7.d3 Na6 8.Bf4 dxc4
9.Qxc4 Be6 10.Qc1 Qb6 11.Be3 Qa5 12.Bh6 Bxh6 13.Qxh6 Qh5 14.Qxh5 Nxh5 15.Nc3 Rad8
16.Rac1 Nf6 17.Ng5 Bg4 18.h3 Bc8 19.Nge4 Nxe4 20.Nxe4 Kg7 21.Nc5 Nxc5 22.Rxc5 Be6
23.a3 Rd4 24.b4 a6 25.Rfc1 Rfd8 26.Kh2 Bd5  1/2-1/2

[Event "European Ind w 2012"]
[Site "Gaziantep TUR"]
[Date "2012.03.06"]
[Round "5"]
[White "Dzagnidze,N"]
[Black "Charochkina,D"]
[Result "0-1"]
[WhiteElo "2559"]
[BlackElo "2371"]

1.Nf3 d5 2.g3 Bg4 3.Bg2 Nd7 4.O-O e6 5.d3 Bd6 6.e4 Ne7 7.Nbd2 O-O 8.Qe1 c5
9.Nh4 Nc6 10.h3 Bh5 11.exd5 exd5 12.Ndf3 Re8 13.Qd1 Nd4 14.g4 Ne2+ 15.Kh1 Nxc1
16.Rxc1 Bg6 17.Nxg6 hxg6 18.c3 Qf6 19.Qb3 Nb6 20.Rfe1 Qf4 21.Kg1 c4 22.Qb5 Rec8
23.d4 Rc6 24.Rc2 a6 25.Qa5 Bc7 26.Ne5 Rd6 27.b3 Rc8 28.Qb4 Re6 29.bxc4 Bxe5
30.c5 Nc4 31.Qxb7 Rb8 32.Qxd5 Bc7 33.Rd1 Rbe8 34.Rcc1 Qh2+ 35.Kf1 Re1+  0-1

[Event "83rd ch-GER 2012"]
[Site "Osterburg GER"]
[Date "2012.03.06"]
[Round "5"]
[White "Schulz,Kar"]
[Black "Degtiarev,E"]
[Result "0-1"]
[WhiteElo "2289"]
[BlackElo "2342"]

1.Nf3 d5 2.g3 b5 3.Bg2 Nf6 4.d3 Bb7 5.O-O e6 6.c4 bxc4 7.dxc4 c5 8.cxd5 exd5
9.Nh4 Qc8 10.Bg5 Ne4 11.Be3 Be7 12.Nc3 Nxc3 13.bxc3 g5 14.Nf3 f6 15.Qb3 Nd7
16.Rfd1 Nb6 17.Rab1 Bc6 18.Qa3 Nc4 19.Qc1 Qe6 20.Bd2 O-O 21.Be1 Qxe2 22.Nd2 Ne5
23.Nb3 Nf3+ 24.Kh1 d4 25.Rb2 Qa6 26.Nd2 Ne5 27.Qc2 d3 28.Qb1 Bxg2+ 29.Kxg2 Qc6+
30.Kg1 c4 31.Rb7 Bd6 32.Qb5 Qxb5 33.Rxb5 g4 34.Ne4 Nf3+ 35.Kg2 Be5 36.Nd2 Nxe1+
37.Rxe1 Bxc3 38.Re7 Bxd2 39.Rbb7 Bh6 40.Rxh7 d2  0-1

[Event "Reykjavik Open"]
[Site "Reykjavik ISL"]
[Date "2012.03.06"]
[Round "1.13"]
[White "Mass,E"]
[Black "Avrukh,B"]
[Result "0-1"]
[WhiteElo "2040"]
[BlackElo "2591"]

1.Nf3 d5 2.g3 Bg4 3.Bg2 Nd7 4.d3 e6 5.Nbd2 Bd6 6.h3 Bh5 7.b3 Ne7 8.Bb2 O-O
9.O-O c5 10.c4 Nc6 11.a3 Rc8 12.cxd5 exd5 13.Rc1 Re8 14.e3 b5 15.Qc2 Nb6
16.Qb1 a5 17.Qa1 Bf8 18.d4 c4 19.bxc4 bxc4 20.Nb1 Rb8 21.a4 Nb4 22.Nc3 f6
23.Nd2 Bf7 24.Ba3 Qd7 25.Bb2 Nd3 26.Rb1 Bb4 27.e4 Nxb2 28.Qxb2 Nxa4 29.Nxa4 Qxa4
30.exd5 c3 31.Qb3 Qxb3 32.Nxb3 c2  0-1

[Event "Zagreb Open A"]
[Site "Zagreb CRO"]
[Date "2012.03.06"]
[Round "2.11"]
[White "Sebenik,M"]
[Black "Meier,V"]
[Result "1-0"]
[WhiteElo "2529"]
[BlackElo "2272"]

1.Nf3 d5 2.g3 Nf6 3.Bg2 g6 4.d4 Bg7 5.c4 c6 6.cxd5 cxd5 7.Ne5 O-O 8.Nc3 e6
9.O-O Nfd7 10.f4 f6 11.Nf3 Nc6 12.e4 dxe4 13.Nxe4 f5 14.Nc3 Nb6 15.Be3 Nc4
16.Bf2 Qa5 17.Qe2 Qb4 18.Rab1 Rd8 19.Rfd1 Nb6 20.Kh1 Bd7 21.a3 Qe7 22.Re1 Re8
23.b4 Rad8 24.Qa2 Bc8 25.Rbd1 Qd6 26.Ne5 Ne7 27.d5 Nexd5 28.Bxb6 Qxb6 29.Nxd5 exd5
30.Bxd5+ Kf8 31.Bg8 Qc7 32.Rc1 Qe7 33.Bxh7 Qe6 34.Nxg6+ Kf7 35.Rc7+ Kf6 36.Qa1+  1-0

[Event "2nd HD Bank Cup 2012"]
[Site "Ho Chi Minh City VIE"]
[Date "2012.03.07"]
[Round "9.10"]
[White "Nguyen Thien Viet"]
[Black "Bui Vinh"]
[Result "0-1"]
[WhiteElo "2265"]
[BlackElo "2463"]

1.Nf3 d5 2.g3 Nf6 3.Bg2 c5 4.O-O g6 5.d3 Bg7 6.c3 Nc6 7.Nbd2 O-O 8.Re1 e5
9.e4 d4 10.cxd4 cxd4 11.a3 a5 12.h3 Nd7 13.a4 Nc5 14.Nc4 f6 15.Bf1 Be6 16.b3 Rf7
17.Ba3 Bf8 18.Bxc5 Bxc5 19.Kh2 Bb4 20.Nfd2 Qc7 21.Be2 Raf8 22.Rf1 f5 23.exf5 gxf5
24.Bf3 e4 25.dxe4 fxe4 26.Bxe4 Rxf2+ 27.Bg2 Bd5 28.Rg1 Bxd2 29.Nxd2 Ne5 30.Rc1 Qf7
31.Kh1 Rxg2  0-1

[Event "83rd ch-GER 2012"]
[Site "Osterburg GER"]
[Date "2012.03.07"]
[Round "6"]
[White "Becker,Mi1"]
[Black "Stern,R"]
[Result "1/2-1/2"]
[WhiteElo "2301"]
[BlackElo "2502"]

1.Nf3 d5 2.g3 Bg4 3.Bg2 Nd7 4.O-O c6 5.d3 Ngf6 6.Nbd2 e5 7.e4 dxe4 8.Nxe4 Nxe4
9.dxe4 Be7 10.c3 O-O 11.Be3 a5 12.a4 Qc7 13.Qc2 Be6 14.Nd2 Rfd8 15.Rfd1 Bc5
16.Bxc5 Nxc5 17.Bf1 Bg4 18.f3 Rxd2 19.Rxd2 Bxf3 20.Bg2 Qb6 21.Rf2 Bg4 22.h3 Be6
23.Qe2 Rd8 24.Rd1 Nxa4 25.Rxd8+ Qxd8 26.Qe3 Qb6 27.Qxb6 Nxb6 28.Rd2 Kf8 29.Bf1 Ke7
30.Kf2 a4 31.Ke3 Nd7 32.h4 b5 33.Be2 h6 34.g4 g5 35.hxg5 hxg5 36.Rd1 Nf6
37.Rg1 Bd7 38.c4 b4 39.c5 Be6 40.Ra1 Bb3 41.Bd1 Bxd1 42.Rxd1 Nxg4+ 43.Kf3 Nf6
44.Ra1 g4+ 45.Ke3 g3 46.Rxa4 g2 47.Ra1 Nd7 48.Rg1 Nxc5 49.Rxg2 b3 50.Re2 Ke6
51.Kd2 f5 52.exf5+ Kxf5 53.Kc3 e4 54.Kd4 Ne6+ 55.Ke3 Ke5 56.Rh2 Nf4 57.Rh8 Nd5+
58.Ke2 c5 59.Rb8 c4 60.Re8+ Kd4 61.Rd8 e3 62.Kf3 Kc5 63.Rc8+ Kb5 64.Rd8 Kc6
65.Rc8+ Nc7 66.Rb8 Nb5 67.Rc8+ Kd5 68.Rd8+ Kc5 69.Kxe3 c3 70.bxc3 b2 71.Rd1 Nxc3
72.Rh1 Kc4 73.Kd2 Kb3 74.Kd3 b1=Q+  1/2-1/2

[Event "28th Cappelle Open"]
[Site "Cappelle la Grande FRA"]
[Date "2012.03.08"]
[Round "7.30"]
[White "Rzayev,B"]
[Black "Berczes,D"]
[Result "0-1"]
[WhiteElo "2360"]
[BlackElo "2544"]

1.Nf3 d5 2.g3 c6 3.Bg2 Bg4 4.O-O e6 5.b3 Nd7 6.Bb2 Ngf6 7.c4 Bd6 8.d3 O-O
9.Nbd2 a5 10.Qc2 Re8 11.e4 dxe4 12.dxe4 e5 13.h3 Bh5 14.a3 Qb6 15.Rfd1 Bc5
16.Nf1 Bxf3 17.Bxf3 Nf8 18.Rab1 Qc7 19.Ne3 Ne6 20.Nf5 Rad8 21.h4 h6 22.Rxd8 Rxd8
23.Kg2 g6 24.Ne3 Nd4 25.Qc3 Nxf3 26.Kxf3 Bd4 27.Qc1 Bxb2 28.Rxb2 Qd6 29.c5 Qd4
30.b4 Qxe4+ 31.Ke2 Qd3+ 32.Kf3 Qe4+ 33.Ke2 Qd3+ 34.Kf3 a4 35.Rc2 Qe4+ 36.Ke2 Qd3+
37.Ke1 Qe4 38.Rd2 Rd4 39.Qc2 Qh1+ 40.Ke2 Ne4 41.Rxd4 exd4 42.Nd1 g5 43.hxg5 Nxg5
44.Qf5 Ne6 45.Qf3 Qh3 46.Kd2 Kg7 47.Nb2 Qf1 48.Nxa4 Ng5 49.Qf5 f6 50.Nb6 d3
51.Qxd3 Qxf2+  0-1

[Event "Reykjavik Open"]
[Site "Reykjavik ISL"]
[Date "2012.03.08"]
[Round "3.86"]
[White "De Winter,E"]
[Black "Kazmierczak,Ewa"]
[Result "1-0"]
[WhiteElo "1852"]
[BlackElo "1462"]

1.Nf3 d5 2.g3 Nf6 3.Bg2 c6 4.d4 Bg4 5.Nbd2 Nbd7 6.O-O e6 7.c4 Be7 8.b3 O-O
9.Bb2 Bd6 10.Ne5 Bc7 11.Nxg4 Nxg4 12.h3 Ngf6 13.e4 dxe4 14.Nxe4 Nxe4 15.Bxe4 Nf6
16.Bg2 Rb8 17.Qe2 Re8 18.Rad1 Nd7 19.Rfe1 Ba5 20.Rf1 Qc8 21.Qh5 Bc7 22.d5 exd5
23.cxd5 Be5 24.Bxe5 Rxe5 25.Qh4 cxd5 26.Bxd5 Nf6 27.Bg2 b6 28.Rd2 Qe8 29.Qd4 h6
30.Kh2 Re1 31.Rxe1 Qxe1 32.Rd1 Qe8 33.Qd6 Qf8 34.Qc7 a5 35.a4 Qc8 36.Qxc8+ Rxc8
37.Rd6 Rb8 38.Bc6 Kf8 39.Kg2 Ne8 40.Rd7 Nf6 41.Ra7 Ne8 42.Bd5 Nf6 43.Rxf7+ Ke8
44.Bc4 Rd8 45.Rxg7 Rd6 46.Rg6 Ne4 47.Rxd6 Nxd6 48.g4 Ke7 49.Kf3 Kf6 50.Ke3 Ke5
51.f4+ Kf6 52.h4  1-0

[Event "28th Cappelle Open"]
[Site "Cappelle la Grande FRA"]
[Date "2012.03.09"]
[Round "8.39"]
[White "Stojanovic,Andj"]
[Black "Sprenger,J"]
[Result "1/2-1/2"]
[WhiteElo "2324"]
[BlackElo "2523"]

1.Nf3 d5 2.g3 Nf6 3.Bg2 Bf5 4.O-O c6 5.d3 e6 6.c4 Be7 7.cxd5 exd5 8.Qb3 Qb6
9.Qc2 h6 10.Nc3 O-O 11.e4 dxe4 12.dxe4 Bh7 13.Be3 Qa5 14.a3 Nbd7 15.b4 Qc7
16.Nd4 Rfd8 17.Bf4 Bd6 18.Ncb5 cxb5 19.Qxc7 Bxc7 20.Bxc7 Rdc8 21.Rac1 Bxe4
22.Nxb5 Bxg2 23.Kxg2 Ne8 24.Rfd1 Nf8 25.Be5 Rxc1 26.Rxc1 Ne6 27.Nd4 Nf8 28.Nf5 f6
29.Bd6 Ne6 30.b5 Kf7 31.Bb4 Rd8 32.a4 h5 33.Rc4 Rd5 34.Ne3 Rd7 35.h4 g5 36.hxg5 fxg5
37.Nf5 Nf6 38.Nd6+ Kg6 39.Nc8 g4 40.Nxa7 Rd1 41.Nc8 Ng5 42.Ba3 Nfe4 43.Rc1 Rd2
44.Bc5 Nxc5 45.Rxc5 Nh3 46.Ne7+ Kf7 47.Nd5 Rxf2+ 48.Kh1 Ra2 49.Nf4 Nxf4 50.Rf5+ Kg6
51.Rxf4 Kg5 52.Rd4 Kf5  1/2-1/2

[Event "28th Cappelle Open"]
[Site "Cappelle la Grande FRA"]
[Date "2012.03.09"]
[Round "8.38"]
[White "Payen,Ar"]
[Black "Sanchez,Joseph"]
[Result "0-1"]
[WhiteElo "2336"]
[BlackElo "2526"]

1.Nf3 d5 2.g3 c6 3.Bg2 Nf6 4.O-O Bg4 5.d4 Nbd7 6.Nbd2 e6 7.Re1 Be7 8.e4 O-O
9.c3 a5 10.a4 Qb6 11.e5 Ne8 12.h3 Bh5 13.Nb3 c5 14.Be3 c4 15.Nbd2 Nc7 16.b3 cxb3
17.Nxb3 Rfc8 18.Nbd2 Qc6 19.Bf1 b5 20.g4 Bg6 21.axb5 Nxb5 22.c4 dxc4 23.Nxc4 Nc3
24.Qd2 Bb4 25.Bg2  0-1

[Event "ch-URU 2012"]
[Site "Montevideo URU"]
[Date "2012.03.09"]
[Round "1"]
[White "Oddone,C"]
[Black "Izquierdo,D"]
[Result "0-1"]
[WhiteElo "2229"]
[BlackElo "2261"]

1.Nf3 d5 2.g3 Nf6 3.Bg2 Bf5 4.O-O h6 5.d3 e6 6.c4 c6 7.Be3 Bd6 8.Qb3 Qc8
9.cxd5 exd5 10.Nc3 O-O 11.Rfe1 Nbd7 12.Rac1 Bh7 13.Bh3 Re8 14.Bd4 Qb8 15.Nh4 Be5
16.Bxe5 Nxe5 17.f4 Ned7 18.Nf5 a5 19.d4 h5 20.e3 Ng4 21.Nh4 Ndf6 22.Na4 b5
23.Nc5 Qb6 24.Nf3 Bf5 25.Bg2 Ne4 26.Nxe4 Bxe4 27.Ne5 Bxg2 28.Kxg2 Re6 29.h3 Nxe5
30.fxe5 f6 31.e4 Qxd4 32.Rcd1 Qc4 33.exd5 Qxb3 34.axb3 cxd5 35.Rxd5 Rae8
36.Kf3 fxe5 37.Rxb5 e4+ 38.Ke2 Re5 39.Rxe5 Rxe5 40.Rc1 Rb5 41.Rc3 Kh7 42.Ke3 Rb4
43.Kf4 Kh6 44.Kf5 g6+ 45.Kf4 Kg7 46.Rc7+ Kf6 47.Rc6+ Kf7 48.Rc7+ Ke6 49.Rc6+ Kd5
50.Rc3 Kd4 51.g4 h4 52.g5 a4 53.Re3 Kd5 54.bxa4 Rxa4 55.b3 Ra1 56.b4 Rf1+
57.Kg4 Kd4 58.Rb3 e3 59.Rb2 Rf2 60.Rb1 e2 61.Re1 Ke3 62.Rb1 Rf4+  0-1

[Event "TCh-AUT 2 West 2011-12"]
[Site "Salzburg AUT"]
[Date "2012.03.09"]
[Round "9"]
[White "Hoellrigl,W"]
[Black "Besner,B"]
[Result "1/2-1/2"]
[WhiteElo "2186"]
[BlackElo "2175"]

1.Nf3 d5 2.g3 Nf6 3.Bg2 Bf5 4.d3 e6 5.Nbd2 Be7 6.O-O O-O 7.e3 h6 8.Qe2 c5
9.e4 Bh7 10.Ne1 Nc6 11.c3 Re8 12.f4 Qb6 13.Kh1 Rad8 14.g4 dxe4 15.dxe4 Kh8
16.g5 Ng8 17.Nc4 Qc7 18.a4 f6 19.h4 fxg5 20.hxg5 hxg5 21.fxg5 Rf8 22.Rxf8 Rxf8
23.Qg4 g6 24.Nd3 Qd8 25.Nde5 Nxe5 26.Nxe5 Bd6 27.Qxe6 Qe7 28.Qxe7 Nxe7 29.Nc4 Bf4
30.Bxf4 Rxf4 31.Rd1 Nc6 32.Rd7 Bg8 33.Nd6 b6 34.Ne8 Rf7 35.Rd6 Ne5 36.Nf6 Kg7
37.Re6 Nc4 38.Nxg8 Kxg8 39.Rxg6+ Rg7 40.Rxg7+ Kxg7 41.e5 Nxe5 42.Be4 Nf7
43.g6 Ne5 44.Kg2 Nxg6 45.Kf2 Ne5 46.Ke2 Kf6 47.Kd2 Nc4+ 48.Kc2 Ke5 49.Bd3 Ne3+
50.Kb3 Kd5 51.Ba6 Kd6 52.Ka3 Nc2+ 53.Kb3 Ne3 54.Ka3 Nd5 55.Bb7 Ne3 56.b4 a5
57.Kb3 Kc7 58.Ba6 Kd6 59.Be2 Nf5 60.bxa5 bxa5 61.Bf3 Ne3 62.Be2 Kd5 63.Bf3+ Kd6
64.Be2 Kd5 65.Bf3+ Ke5 66.Be2 Kd6 67.Ba6 Kc6 68.Be2 Kd6 69.Ba6 Kd5 70.Bb7+ Ke5
71.Ba6 Ke4 72.Be2 Kd5 73.Bf3+ Ke6 74.Be2 Kf5 75.Ba6 Kf4 76.Be2 Kg3 77.Bb5 Kf2
78.Kb2 Ke1 79.Kc1 c4 80.Be8 Ke2 81.Bg6 Nd5 82.Kc2 Ne3+ 83.Kc1 Nd5 84.Kc2 Nb6
85.Be8 Ke3 86.Bc6 Ke2 87.Bb5 Ke3 88.Bc6 Nc8 89.Bd5 Nd6 90.Be6 Kf4 91.Bd7 Ke5
92.Bc6 Nc8 93.Kd2 Ne7 94.Bb7 Nf5 95.Ba6 Nd6 96.Ke3 Kd5 97.Kf4 Kc5 98.Ke5 Nf7+
99.Kf6 Nd8 100.Bb5 Nb7 101.Ke5 Nd6 102.Bd7 Nf7+ 103.Kf6 Nd6 104.Ke5 Nf7+
105.Kf6 Nd8 106.Ke7 Nb7 107.Ke6 Nd6 108.Ke5 Nf7+ 109.Kf6 Nd6 110.Ke5 Nf7+
111.Kf6  1/2-1/2

[Event "TCh-SWE 2011-12"]
[Site "Sweden SWE"]
[Date "2012.03.09"]
[Round "7"]
[White "Eriksson,A"]
[Black "Schneider,Stef"]
[Result "1-0"]
[WhiteElo "2295"]
[BlackElo "2351"]

1.Nf3 d5 2.g3 c6 3.Bg2 Bg4 4.d4 Nd7 5.O-O e6 6.b3 Ngf6 7.Bb2 a5 8.c4 Be7
9.Nc3 h6 10.Ne5 Bf5 11.Nd3 O-O 12.Rc1 Bd6 13.e3 Qe7 14.Re1 Bb4 15.Qe2 Rfd8
16.Red1 Bh7 17.Na4 Ba3 18.cxd5 exd5 19.Bxa3 Qxa3 20.Ndc5 Nxc5 21.Nxc5 Rab8
22.Qd2 Re8 23.Rc3 Re7 24.Qc1 Qb4 25.a3 Qb6 26.Qb2 Ne4 27.Nxe4 Bxe4 28.b4 h5
29.Bxe4 Rxe4 30.b5 h4 31.Rb1 cxb5 32.Qxb5 Qg6 33.Rbc1 Qf5 34.Rc7 Qf3 35.Qd7 Re6
36.Rc8+ Rxc8 37.Qxc8+ Kh7 38.Qc2+ Rg6 39.Qd1 Qxd1+ 40.Rxd1 h3 41.Rb1 Rc6
42.Kf1 Rc2 43.Rxb7 Rc1+ 44.Ke2 Rh1 45.g4 Rxh2 46.Rb1 Kg6 47.Kf3 Kg5 48.Rb5 g6
49.Rxd5+ f5 50.gxf5 Rg2 51.Rd8 Kxf5 52.Rf8+ Ke6 53.Rh8 Rh2 54.Kg3 Rg2+ 55.Kxh3 Rxf2
56.Re8+ Kd5 57.Kg3 Ra2 58.Re5+ Kc4 59.Rxa5 Kd3 60.Re5 Rxa3 61.Kf4 Ra1 62.d5 Kc4
63.e4 Kd4 64.Re7 Rf1+ 65.Kg5 Rg1+ 66.Kf6 Kc5 67.Rc7+ Kd6 68.Rc6+ Kd7 69.e5 g5
70.e6+ Kd8 71.Rd6+ Ke8 72.Ra6 Rf1+ 73.Ke5 Rb1 74.Ra8+  1-0

[Event "TCh-SWE 2011-12"]
[Site "Sweden SWE"]
[Date "2012.03.09"]
[Round "7"]
[White "Dragicevic,Draz"]
[Black "Thornert,H"]
[Result "1-0"]
[WhiteElo "2312"]
[BlackElo "2237"]

1.Nf3 d5 2.g3 Nc6 3.d4 Bg4 4.Bg2 Qd7 5.h3 Bxf3 6.Bxf3 O-O-O 7.Bf4 Kb8 8.Nc3 e5
9.dxe5 Bb4 10.a3 Bxc3+ 11.bxc3 Nge7 12.c4 Qe6 13.Bg4 f5 14.exf6 Qxf6 15.Qc1 dxc4
16.O-O h6 17.e4 g5 18.Be3 Ng6 19.Rb1 Nge5 20.Qb2 b6 21.Be2 Qg6 22.f3 h5 23.Qc3 g4
24.Bf4 Nd4 25.Bxc4 Ndxf3+ 26.Kf2 Qxe4 27.Be2 h4 28.Bxf3 Nxf3 29.Bxc7+ Ka8
30.Rb4 Qb7 31.Bxd8 Rxd8 32.Rxg4 Rf8 33.Rf4 hxg3+ 34.Kxg3 Rg8+ 35.Rg4 Qb8+
36.Kxf3 Rf8+ 37.Ke3 Rxf1 38.Qc6+  1-0

[Event "European Ind w 2012"]
[Site "Gaziantep TUR"]
[Date "2012.03.10"]
[Round "8"]
[White "Michna,Mart"]
[Black "Borosova,Z"]
[Result "1-0"]
[WhiteElo "2383"]
[BlackElo "2302"]

1.Nf3 d5 2.g3 c6 3.Bg2 Bg4 4.O-O Nd7 5.d3 Ngf6 6.c4 e6 7.cxd5 exd5 8.Nc3 Be7
9.Nd4 Nb6 10.h3 Bd7 11.e4 dxe4 12.dxe4 O-O 13.Qe2 Re8 14.Rd1 Qc8 15.g4 Bb4
16.Qd3 Be6 17.e5 Nfd7 18.f4 Bc4 19.Qc2 Qc7 20.Ne4 Nxe5 21.fxe5 Qxe5 22.a3 Bf8
23.Ng5 g6 24.Ngf3 Qc5 25.b4 Qd5 26.Bb2 Qe4 27.Qxe4 Rxe4 28.Ng5 Re3 29.Re1 Rxe1+
30.Rxe1 Bg7 31.Ne4 Rd8 32.g5 Nd5 33.Ba1 a6 34.Nd2 Nf4 35.Nxc4 Bxd4+ 36.Bxd4 Rxd4
37.Na5 Rd2 38.Bf1 Ne6 39.Nxb7 Nxg5 40.Re3 f5 41.Nc5 f4 42.Rd3 Rxd3 43.Nxd3 Nf3+
44.Kf2 Nd4 45.Ne5 Nc2 46.Nxc6 Nxa3 47.Bxa6 Kf7 48.Kf3 g5 49.Kg4 Kf6 50.Bd3 h6
51.b5 Nxb5 52.Bxb5 Ke6 53.Kh5 f3 54.Nd4+  1-0

[Event "European Ind w 2012"]
[Site "Gaziantep TUR"]
[Date "2012.03.10"]
[Round "8"]
[White "Foisor,C"]
[Black "Gunina,V"]
[Result "1/2-1/2"]
[WhiteElo "2398"]
[BlackElo "2511"]

1.Nf3 d5 2.g3 Nf6 3.Bg2 c6 4.d3 Bg4 5.Nbd2 e6 6.O-O Be7 7.h3 Bh5 8.Qe1 Nbd7
9.e4 O-O 10.Kh1 a5 11.Ng1 Ne8 12.g4 Bg6 13.f4 dxe4 14.Nxe4 Nd6 15.Ng3 h6
16.a4 Re8 17.Nf3 Bf8 18.Ne5 Bh7 19.Bd2 Re7 20.Bc3 Nxe5 21.fxe5 Ne8 22.Ne4 Rd7
23.b3 Bxe4 24.Bxe4 Qb6 25.Qg3 Bb4 26.Bb2 Bc5 27.Rae1 Bd4 28.Bxd4 Qxd4 29.g5 hxg5
30.Qxg5 f5 31.exf6 Nxf6 32.Bg2 Re8 33.Rf4 Qc3 34.Ref1 Rf7 35.Qg6 Kf8 36.R4f2 Qe5
37.Rf4 Ree7 38.d4 Qe3 39.Qg5 e5 40.dxe5 Rxe5 41.Qg6 Qc3 42.R4f3  1/2-1/2

[Event "TCh-NED Meesterklasse 2011-12"]
[Site "Netherlands NED"]
[Date "2012.03.10"]
[Round "7.4"]
[White "Zaragatski,I"]
[Black "Michiels,B"]
[Result "0-1"]
[WhiteElo "2474"]
[BlackElo "2501"]

1.Nf3 d5 2.g3 c6 3.Bg2 Nf6 4.c4 dxc4 5.O-O Nbd7 6.Qc2 Nb6 7.a4 a5 8.Na3 Be6
9.Ne5 g6 10.Naxc4 Nxc4 11.Nxc4 Bg7 12.d3 Nd5 13.Bd2 O-O 14.Rfc1 b6 15.Ne3 c5
16.Nxd5 Bxd5 17.Bxd5 Qxd5 18.Ra3 Rad8 19.Rb3 Rd6 20.Rb5 Qh5 21.Qd1 Rfd8 22.Rc4 Re6
23.Be3 Bf6 24.Qf1 Bg5 25.Bxg5 Qxg5 26.e3 Qf5 27.Rb3 Red6 28.Rcc3 e5 29.f3 Qd7
30.Ra3 f5 31.Qg2 c4 32.Rxc4 Rxd3 33.Rxd3 Qxd3 34.Qf1 Qxe3+ 35.Kg2 e4 36.Rc2 Rd2+
37.Rxd2 Qxd2+ 38.Kh3 Qh6+ 39.Kg2 Qd2+ 40.Kh3 Qd3 41.Qc1 exf3 42.Qc8+ Kg7
43.Qc7+ Kh6 44.Qc1+ Kh5 45.b4 Qe4  0-1

[Event "83rd ch-GER 2012"]
[Site "Osterburg GER"]
[Date "2012.03.10"]
[Round "9"]
[White "Rolle,E"]
[Black "Tabatt,H"]
[Result "1-0"]
[WhiteElo "2198"]
[BlackElo "2296"]

1.Nf3 d5 2.g3 c6 3.Bg2 Bg4 4.O-O Nd7 5.d3 Ngf6 6.h3 Bh5 7.Nbd2 Qc7 8.e4 dxe4
9.dxe4 e5 10.Qe1 O-O-O 11.Nc4 Ne8 12.a4 f6 13.b4 Bf7 14.Qc3 Nd6 15.Nxd6+ Bxd6
16.Be3 c5 17.b5 c4 18.a5 Bc5 19.b6 Qc6 20.bxa7 Kc7 21.Rfb1 Ra8 22.Bxc5 Qxc5
23.Ra4 Rxa7 24.Rbb4 Kd6 25.Nd2 Ke7 26.Bf1 Rxa5 27.Rxc4 Bxc4 28.Rxa5 b5 29.Bxc4 Rb8
30.Qa1 Qb4 31.c3 Qd6 32.Bd5 f5 33.Ra6 Rb6 34.Rxb6 Qxb6 35.Qa3+ Qd6 36.Qxd6+ Kxd6
37.Bf7 Ke7 38.Bb3 f4 39.Kf1 fxg3 40.fxg3 Kd6 41.Ke2 Kc5 42.Bf7 Nf6 43.Ke3 Nd7
44.Nb3+ Kb6 45.Kf3 Nf6 46.Nc1 Kc6 47.Nd3 Kd6 48.Ke3 h6 49.Kf3 Nh7 50.Be8 Ng5+
51.Ke3 Nxh3 52.Bxb5 Ng5 53.Bc4 Nh7 54.Bf7 Nf6 55.c4 Ng4+ 56.Kf3 Nh2+ 57.Ke2 Ng4
58.c5+ Kc6 59.Be8+ Kc7 60.Nb4 Kd8 61.Bg6 Kc7 62.Bf5  1-0

[Event "Reykjavik Open"]
[Site "Reykjavik ISL"]
[Date "2012.03.10"]
[Round "5.15"]
[White "Libiszewski,F"]
[Black "Trella,T"]
[Result "1/2-1/2"]
[WhiteElo "2523"]
[BlackElo "2410"]

1.Nf3 d5 2.g3 Bg4 3.Bg2 Nd7 4.d3 e6 5.Nbd2 Bd6 6.b3 Ne7 7.Bb2 O-O 8.c4 c6
9.O-O Bh5 10.Qc2 Rc8 11.e4 c5 12.exd5 exd5 13.Rfe1 b6 14.cxd5 Nxd5 15.Nh4 Nb4
16.Qc4 Qc7 17.Nf5 Bg6 18.Nxg7 Nxd3 19.Bc3 N7e5 20.Qd5 Nxe1 21.Rxe1 Kxg7 22.Nc4 f6
23.Nxd6 Rcd8 24.Bxe5 Qe7 25.Qb7 Qxb7 26.Nxb7 Rde8 27.Bc3 Rxe1+ 28.Bxe1 Re8
29.Bc3 Re2 30.f4 Rxa2 31.Nd6 Rc2 32.Be1 Rc1 33.Kf2 Rc2+ 34.Kg1 Bf7 35.Nxf7 Kxf7
36.Bd5+ Kg7 37.g4 b5 38.g5 fxg5 39.fxg5 Rc1 40.Kf2 c4 41.bxc4 bxc4 42.Bd2 Rc2  1/2-1/2

[Event "Reykjavik Open"]
[Site "Reykjavik ISL"]
[Date "2012.03.10"]
[Round "5.84"]
[White "Mozelius,P"]
[Black "Lensebakken,Jonar"]
[Result "1-0"]
[WhiteElo "1882"]
[BlackElo "1643"]

1.Nf3 d5 2.g3 Bg4 3.Bg2 Nd7 4.h3 Bh5 5.d3 e6 6.Nbd2 Ngf6 7.O-O Bd6 8.Qe1 O-O
9.e4 dxe4 10.dxe4 Be7 11.e5 Nd5 12.a3 c6 13.c4 N5b6 14.b4 Bg6 15.Qe3 Qc7
16.Re1 h6 17.Qb3 Rfe8 18.c5 Nd5 19.Nc4 b5 20.Nd6 a5 21.Bb2 Bf8 22.Nd4 Be7
23.f4 Nf8 24.f5 Bh7 25.Qf3 axb4 26.fxe6 fxe6 27.Qf7+ Kh8 28.Nxe6 Nxe6 29.Qxe6 Bg8
30.Qg6 Rf8 31.axb4 Nxb4 32.Be4 Rad8 33.e6 Bxd6 34.cxd6 Rxd6 35.Qxh6+ Bh7
36.Qxh7+  1-0

[Event "Nis Open 2012"]
[Site "Nis SRB"]
[Date "2012.03.11"]
[Round "1"]
[White "Stojanovic,Ivan M"]
[Black "Necevski,A"]
[Result "1-0"]
[WhiteElo "1855"]
[BlackElo "2289"]

1.Nf3 d5 2.g3 c6 3.Bg2 Nf6 4.O-O Bg4 5.c4 Nbd7 6.d4 e6 7.Qb3 Qb6 8.c5 Qa6
9.Qe3 Be7 10.Nbd2 O-O 11.h3 Bh5 12.a3 b6 13.b4 Rfe8 14.Bb2 Qb7 15.Bc3 a5
16.Rfc1 axb4 17.axb4 Rxa1 18.Rxa1 Ra8 19.Rxa8+ Qxa8 20.Ne5 Bg6 21.Nxg6 hxg6
22.Qf4 Qa7 23.e4 bxc5 24.dxc5 e5 25.Qf3 d4 26.Bb2 Ne8 27.Qb3 Bd8 28.Bf1 Ndf6
29.Bd3 Qd7 30.Kg2 Nc7 31.Nf3 Qe8 32.Nd2 Nb5 33.Bxb5 cxb5 34.Qc2 Qc6 35.f3 Nd7
36.Nb3 Nb8 37.Qd2 Na6 38.Nc1 Qe6 39.Nd3 Bc7 40.h4 Qc4 41.Kf2 Nb8 42.g4 Nc6
43.Bc1 Bd8 44.g5 Qe6 45.Kg3 Qb3 46.Kf2 f5 47.Qe2 Bc7 48.Bd2 Qa4 49.Qe1 Qa2
50.Qe2 Nd8 51.Be1 Qc4 52.Bd2 Ne6 53.Nb2 Qa2 54.Nd3 fxe4 55.fxe4 Nd8 56.Nc1 Qc2
57.Nd3 Qc4 58.Nc1 Qe6 59.Qf3 Qd7 60.Kg3 Ne6 61.Nd3 Qc6 62.Qg4 Qe8 63.Nf2 Qf7
64.Qf3 Nf4 65.Bxf4 exf4+ 66.Kg2 Qa2 67.Qd3 Be5 68.Kf3 Qa4 69.Qd2 Qb3+ 70.Nd3 Bc7
71.e5 Qd5+ 72.Kxf4 Qh1 73.Qf2 Qh3 74.Ke4 Qg4+ 75.Qf4 Qd7 76.Kf3 Qh3+ 77.Qg3 Qf5+
78.Ke2 Qe4+ 79.Kd2 Qd5 80.Qf4 Qc4 81.Qe4 Qc3+ 82.Ke2 Qc2+ 83.Kf3 Qd1+ 84.Qe2 Qh1+
85.Kg3 Qg1+ 86.Kf4 Qh1 87.Qf2 Qd5 88.Qf3 Qe6 89.Qe4 Qh3 90.Qxd4 Qxh4+ 91.Ke3 Qxg5+
92.Qf4 Qg1+ 93.Ke4 g5 94.Qf5 Qh1+ 95.Kd4 Qh4+ 96.Kd5 Qh1+ 97.Qe4 Qh2 98.Kc6 Bd8
99.Qd5+ Kh7 100.Qxd8 g4 101.e6 g3 102.e7 Qh6+ 103.Kxb5 g2 104.e8=Q g1=Q 105.Qe4+ Qgg6  1-0